| 000 | 00400nam a22001697a 4500 | ||
|---|---|---|---|
| 999 |
_c11039 _d11039 |
||
| 003 | OSt | ||
| 008 | 211206b ||||| |||| 00| 0 eng d | ||
| 020 | _a9780199457496 | ||
| 082 | _a658.45 RAT | ||
| 100 | _aRAMAN,Meenakshi | ||
| 245 | _aTechnical Communication | ||
| 260 |
_aNew Delhi _bOxford _c2021 |
||
| 300 | _a498 | ||
| 650 | _aApplied Sc | ||
| 700 | _aSHARMA,Sangeeta | ||
| 942 |
_2ddc _cBK _04 |
||